| 000 | 00000nam##2200000za#4500 |
| 001 | 9.686020 |
| 003 | CaOODSP |
| 005 | 20210624230340 |
| 007 | cr ||||||||||| |
| 008 | 150407|2000||||xxc|||||o f|0| 0 eng|d |
| 020 | |a0-662-30062-9 |
| 040 | |aCaOODSP|beng |
| 043 | |an-cn--- |
| 086 | 1 |aE2-221/2000E-IN |
| 110 | 1 |aCanada.|bForeign Affairs and International Trade. |bCanadian Centre for Foreign Policy Development. |
| 245 | 10|aReport from the conference "Global Compact and United Nations Institutions" |h[electronic resource] |
| 260 | |bForeign Affairs and International Trade. |c2000. |
| 300 | |a32p. |
| 590 | |a10-06-Supp|b2010-07-26 |
| 690 | 07|aForeign policy|2gcpds |
| 690 | 07|aInternational organizations|2gcpds |
| 776 | 0#|tReport from the Conference "Global Compact and United Nations Institutions" / |w(CaOODSP)9.648078 |
| 856 | 40|ahttp://publications.gc.ca|qPDF|s839 KB|uhttps://publications.gc.ca/collections/Collection/E2-221-2000E.pdf |
| 986 | |a1011.7E |